000 00676nam a22002297a 4500
001 8808
003 BD-RjUL
005 20211208234645.0
008 140119s1994 ii ||||| |||| 00| 0 eng d
020 _a8170419581
035 _a(BD-RjUL) 8853
040 _aBD-RjUL
_beng
_cBD-RjUL
041 _aeng
082 _a351.54
_bTRA 1994
245 _aTraining for organisational development /
_cEditor Raimann Pattanayak
260 _aIndia :
_bAnmol Pub. Pvt. Ltd.,
_c1994.
300 _a401 p. ;
_c24 cm.
490 _aEncyclopaedia of public administration series.
650 _aPublic administration
_927383
_zIndia
700 _aPattanayak, Raimann.
_927384
942 _2ddc
_cBK
999 _c8808
_d8808